Greenest cities in the world - Statistics

General Stats
  • This quiz has been taken 35 times
  • The average score is 6 of 12
Answer Stats
Range Continent City % Correct
1 Asia Singapore
88%
3 Europe Copenhagen
82%
12 Europe Stockholm
82%
4 Europe Oslo
79%
9 Asia Tokyo
67%
5 Europe Zurich
67%
11 North America Seattle
61%
7 North America Portland
42%
8 Europe Reykjavik
30%
6 South America Curitiba
15%
2 North America San Diego
15%
10 Europe Lahti
0%
No matching quizzes found
Score Distribution
Percent of People with Each Score
Percentile by Number Answered
Your Score History
You have not taken this quiz